Alternative approaches to economic planning

Salvato in:
Dettagli Bibliografici
Autore principale: Cave, Martin
Altri autori: Hare, Paul
Natura: Libro
Lingua:inglese
Pubblicazione: London MacMillan Press 1981
Tags: Aggiungi Tag
Nessun Tag, puoi essere il primo ad aggiungerne!!

MARC

LEADER 00000nam a2200000 4500
001 c137373
005 20041019155309.7
041 0 |a eng 
044 |a GB 
245 1 0 |a Alternative approaches to economic planning  |c Martin Cave, Paul Hare 
264 1 |a London  |b MacMillan Press  |c 1981 
300 |a 226 s. 
100 1 |a Cave, Martin 
700 1 |a Hare, Paul